Kurs koloidní chemie

Gespeichert in:
Bibliographische Detailangaben
1. Verfasser: VOJUCKIJ, S.S
Format: Buch
Sprache:Tschechisch
Veröffentlicht: Praha SNTL 1984
Online-Zugang:Im OPAC anzeigen
Tags: Tag hinzufügen
Keine Tags, Fügen Sie das erste Tag hinzu!

MARC

LEADER 00000nam a2200000 a 4500
005 20260127134014.0
008 000507e1984 cs g cze c
035 |a vtls008457817 
035 |a SAVUKc031834 
039 9 |a 200904031456  |b ssvkpo01  |y 200602022357  |z VLOAD 
040 |a SAVUK  |b slo  |c SNK  |e AACR2 
041 1 |a cze 
044 |a cs  |c CS 
100 1 |a VOJUCKIJ, S.S. 
245 1 0 |a Kurs koloidní chemie  |c S.S. VOJUCKIJ 
260 |a Praha  |b SNTL  |c 1984 
300 |a 396 s. 
910 |a savuk 
999 |c 1959  |d 1959